[Event "Jurmala"]
[Site "Jurmala LAT"]
[Date "1978.??.??"]
[Round "9"]
[White "Gipslis, Aivars P"]
[Black "Nogueiras, Jesus"]
[Result "1-0"]
[WhiteElo "2525"]
[BlackElo "2385"]
[PlyCount "93"]
[EventDate "1978.??.??"]
[Source "www.chesslib.no"]
[SourceDate "2004.05.04"]

1. e4 e5 2. Nf3 Nc6 3. Bb5 a6 4. Ba4 d6 5. O-O Bd7 6. c4 Nf6 7. Nc3 Be7 8. d4 Nxd4 9. Nxd4 exd4 10. Qxd4 Bxa4 11. Nxa4 O-O 12. Nc3 Nd7 13. Be3 Bf6 14. Qd2 Re8 15. f3 Be5 16. Rac1 Nc5 17. g3 Nd7 18. Kg2 Qb8 19. Rf2 Bxc3 20. Qxc3 b6 21. Bd4 f6 22. h4 h5 23. Qd2 Re7 24. b4 Ne5 25. c5 dxc5 26. bxc5 Qd8 27. cxb6 cxb6 28. Bxe5 Rxe5 29. Rc6 Qxd2 30. Rxd2 Ra7 31. Rxb6 Rb5 32. Rbd6 Kf7 33. Kf2 f5 34. exf5 Rxf5 35. R2d5 Rxd5 36. Rxd5 Rc7 37. Rxh5 Rc2+ 38. Ke3 Rxa2 39. Rc5 a5 40. Kf4 a4 41. Ra5 Ra1 42. Kf5 Ra3 43. Ra7+ Kf8 44. Kf4 Ra1 45. g4 a3 46. Kg5 a2 47. Kg6 1-0

[Event "13 open"]
[Site "Castellar del Vallés"]
[Date "2004.07.19"]
[Round "6.4"]
[White "Barrientos Chavarriaga, Sergio"]
[Black "Magem Badals, Jordi"]
[Result "1/2-1/2"]
[WhiteElo "2399"]
[BlackElo "2504"]
[PlyCount "90"]
[EventDate "2004.07.14"]
[Source "Roberto Alvarez"]
[SourceDate "2003.08.04"]

1. e4 e5 2. Nf3 Nc6 3. Bb5 a6 4. Ba4 d6 5. d4 b5 6. Bb3 Nxd4 7. Nxd4 exd4 8. c3 d3 9. a4 Bd7 10. axb5 Bxb5 11. c4 Bc6 12. Qxd3 Nf6 13. Nc3 Be7 14. O-O O-O 15. Bc2 Nd7 16. Nd5 Nc5 17. Qh3 Bxd5 18. exd5 g6 19. Bh6 Bf6 20. Rab1 Re8 21. b4 Ne4 22. Ba4 Re7 23. Qf3 Bg7 24. Be3 Rb8 25. Bc6 f5 26. Rfc1 Qf8 27. c5 Bh6 28. cxd6 cxd6 29. Re1 Bxe3 30. Qxe3 Re5 31. f3 Nf6 32. Qd4 Qe7 33. Kf1 Kf7 34. Ra1 g5 35. Rxe5 Qxe5 36. Qa7+ Kg6 37. Re1 Qxh2 38. Qxb8 Qh1+ 39. Kf2 Qh4+ 40. Kf1 Qh1+ 41. Kf2 Qh4+ 42. Ke2 Qc4+ 43. Kd2 Qd4+ 44. Kc2 Qf2+ 45. Kd1 Qd4+ 1/2-1/2

[Event "Toth Memorial"]
[Site "Kecskemet HUN"]
[Date "1977.??.??"]
[Round "?"]
[White "Hazai, Laszlo"]
[Black "Lukacs, Peter"]
[Result "1/2-1/2"]
[WhiteElo "2440"]
[BlackElo "2450"]
[PlyCount "22"]
[EventDate "1977.03.??"]
[Source "www.chesslib.no"]
[SourceDate "2004.05.04"]

1. e4 e5 2. Nf3 Nc6 3. Bb5 a6 4. Ba4 d6 5. d4 b5 6. Bb3 Nxd4 7. Nxd4 exd4 8. c3 d3 9. Qxd3 Bb7 10. O-O Nf6 11. Re1 Be7 1/2-1/2

[Event "Capablanca mem-A 13th"]
[Site "Cienfuegos City CUB"]
[Date "1976.05.26"]
[Round "10"]
[White "Sznapik, Aleksander"]
[Black "Razuvaev, Yuri S"]
[Result "1/2-1/2"]
[WhiteElo "2390"]
[BlackElo "2495"]
[PlyCount "48"]
[EventDate "1976.05.17"]
[Source "www.chesslib.no"]
[SourceDate "2004.05.04"]

1. e4 e5 2. Nf3 Nc6 3. Bb5 a6 4. Ba4 d6 5. O-O Bd7 6. c4 Nf6 7. Nc3 Be7 8. Re1 Bg4 9. h3 Bxf3 10. Qxf3 Nd7 11. Bxc6 bxc6 12. d3 Nc5 13. Ne2 Ne6 14. Qg4 Bf6 15. Be3 O-O 16. Rad1 c5 17. g3 g6 18. f4 h5 19. Qf3 exf4 20. gxf4 Bxb2 21. f5 Nd4 22. Nxd4 Bxd4 23. Bxd4 cxd4 24. Re2 Qh4 1/2-1/2

[Event "It (Men) Schaumburg USA"]
[Site "?"]
[Date "2006.04.21"]
[Round "7"]
[White "Hernandez Gilberto"]
[Black "Hess Robert L"]
[Result "1/2-1/2"]
[WhiteElo "2530"]
[BlackElo "2354"]
[PlyCount "60"]
[EventDate "2006.??.??"]
[Source "www.chesslib.no"]
[SourceDate "2004.05.04"]

1. e4 e5 2. Nf3 Nc6 3. Bb5 a6 4. Ba4 d6 5. d3 Bd7 6. c3 Nge7 7. Nbd2 Ng6 8. Nf1 Be7 9. Ne3 h6 10. g3 Bg5 11. Nd5 Bxc1 12. Qxc1 Nce7 13. Bxd7+ Qxd7 14. Nxe7 Nxe7 15. O-O O-O 16. Nh4 d5 17. Qe3 Rad8 18. Nf3 Nc6 19. Qe2 dxe4 20. dxe4 Qd3 21. Rfe1 Qxe2 22. Rxe2 Rd3 23. Kg2 Rfd8 24. Rc1 Kf8 25. Rcc2 Ke7 26. Rcd2 Rxd2 27. Rxd2 Rxd2 28. Nxd2 Ke6 29. Kf3 Na5 30. Ke3 Nc6 1/2-1/2

[Event "World Open"]
[Site "Philadelphia, PA USA"]
[Date "1990.??.??"]
[Round "4"]
[White "Lerner, Konstantin Z"]
[Black "Castro, Oscar H"]
[Result "0-1"]
[WhiteElo "2560"]
[BlackElo "2320"]
[PlyCount "46"]
[EventDate "1990.06.??"]
[Source "www.chesslib.no"]
[SourceDate "2004.05.04"]

1. e4 e5 2. Nf3 Nc6 3. Bb5 a6 4. Ba4 d6 5. d4 Bd7 6. d5 Nb8 7. Bxd7+ Nxd7 8. c4 g6 9. Nc3 h6 10. O-O f5 11. exf5 gxf5 12. Re1 Be7 13. Nxe5 Nxe5 14. Qh5+ Kf8 15. Qxf5+ Nf6 16. f4 Qd7 17. Qc2 Nxc4 18. Re6 Nb6 19. Qf5 Kf7 20. Be3 Nbxd5 21. Nxd5 Qxe6 22. Nxe7 Qxe3+ 23. Kf1 Qxe7 0-1

[Event "Noviki-B"]
[Site "Budapest"]
[Date "1987.??.??"]
[Round "?"]
[White "Horvath, Csaba"]
[Black "Barbero, Gerardo F"]
[Result "0-1"]
[WhiteElo "2455"]
[BlackElo "2425"]
[PlyCount "80"]
[EventDate "1987.09.??"]
[Source "ChessBase"]

1. e4 e5 2. Nf3 Nc6 3. Bb5 a6 4. Ba4 d6 5. O-O Bd7 6. c4 g6 7. d4 exd4 8. Nxd4 Bg7 9. Be3 Nge7 10. Nc3 O-O 11. Bc2 Ne5 12. b3 f5 13. exf5 Nxf5 14. Nxf5 Bxf5 15. Be4 Qh4 16. Bxf5 gxf5 17. g3 Qh3 18. f3 Ng6 19. Qd2 f4 20. Bxf4 Nxf4 21. gxf4 Rf7 22. Rf2 Raf8 23. Raf1 Rxf4 24. Ne2 R4f7 25. f4 Kh8 26. Rf3 Qd7 27. Ng3 b5 28. Qd3 bxc4 29. bxc4 Qg4 30. Qe4 Be5 31. h3 Qh4 32. Ne2 Bf6 33. Kh2 Be5 34. Qe3 Qh6 35. Qf2 Bf6 36. Ng3 Bg7 37. Kg2 Be5 38. f5 Rg8 39. Qe3 Qh4 40. Rg1 Bxg3 0-1

[Event "Krasnodar (Russia)"]
[Site "?"]
[Date "1978.05.??"]
[Round "?"]
[White "Tunik Gennady"]
[Black "Zhuravliov Valerij"]
[Result "1-0"]
[WhiteElo "2476"]
[BlackElo "2399"]
[PlyCount "55"]
[EventDate "1978.??.??"]
[Source "www.chesslib.no"]
[SourceDate "2004.05.04"]

1. e4 e5 2. Nf3 Nc6 3. Bb5 a6 4. Ba4 d6 5. d4 b5 6. Bb3 Nxd4 7. Nxd4 exd4 8. Bd5 Rb8 9. Qxd4 Bd7 10. c3 Nf6 11. O-O Be7 12. h3 Nxd5 13. exd5 O-O 14. Be3 Bf6 15. Qd2 Re8 16. Na3 b4 17. cxb4 Re4 18. Nc2 Bxb2 19. Rae1 Rc4 20. Ba7 Rb7 21. Qe2 Bb5 22. a4 Rxc2 23. Qxc2 Bxf1 24. Qc6 Kf8 25. Qxb7 Bd3 26. Bb8 Bd4 27. Bxc7 Bxf2+ 28. Kh1 1-0

[Event "Borsodtavho"]
[Site "Borsodtavho"]
[Date "1991.??.??"]
[Round "11"]
[White "Luecke, Norbert"]
[Black "Porper, Eduard"]
[Result "1/2-1/2"]
[WhiteElo "2390"]
[BlackElo "2485"]
[PlyCount "59"]
[EventDate "1991.05.??"]
[Source "ChessBase"]

1. e4 e5 2. Nf3 Nc6 3. Bb5 a6 4. Ba4 d6 5. d3 Bd7 6. c4 g6 7. Nc3 Bg7 8. Nd5 Nce7 9. Bxd7+ Qxd7 10. Be3 Nxd5 11. cxd5 Nf6 12. O-O O-O 13. Rc1 Rfc8 14. Re1 c5 15. dxc6 Rxc6 16. h3 Rac8 17. Rxc6 Qxc6 18. Qb3 Qb5 19. Qxb5 axb5 20. Rc1 Rxc1+ 21. Bxc1 Kf8 22. Kf1 Ke7 23. Ke2 Nd7 24. g4 Nc5 25. Ne1 Ne6 26. Nc2 Kd7 27. Be3 d5 28. Nb4 d4 29. Bd2 Bf6 30. Nd5 1/2-1/2

[Event "Warszawa Cup5-A"]
[Site "Warsaw POL"]
[Date "1979.??.??"]
[Round "7"]
[White "Sznapik, Aleksander"]
[Black "Luczak, Andrzej"]
[Result "0-1"]
[WhiteElo "2435"]
[BlackElo "2440"]
[PlyCount "56"]
[EventDate "1979.05.??"]
[Source "www.chesslib.no"]
[SourceDate "2004.05.04"]

1. e4 e5 2. Nf3 Nc6 3. Bb5 a6 4. Ba4 d6 5. O-O Bd7 6. c4 Nf6 7. Nc3 Be7 8. Re1 O-O 9. Bxc6 Bxc6 10. d4 Re8 11. Bg5 exd4 12. Nxd4 Nd7 13. Bxe7 Qxe7 14. f4 Qf6 15. Qd2 Nc5 16. Nxc6 bxc6 17. Rad1 a5 18. Qf2 Qg6 19. Qf3 f6 20. e5 fxe5 21. Qxc6 exf4 22. Nd5 Kh8 23. Nxf4 Qf7 24. b3 Rxe1+ 25. Rxe1 Rf8 26. Rf1 Ne6 27. Qe4 Nxf4 28. Kh1 Qe6 0-1

[Event "Trelew"]
[Site "Trelew ARG"]
[Date "1972.06.06"]
[Round "5"]
[White "Schweber, Samuel"]
[Black "Pilnik, Hermann"]
[Result "1-0"]
[WhiteElo "2435"]
[BlackElo "2420"]
[PlyCount "61"]
[EventDate "1972.06.??"]
[Source "www.chesslib.no"]
[SourceDate "2004.05.04"]

1. e4 e5 2. Nf3 Nc6 3. Bb5 a6 4. Ba4 d6 5. O-O Bd7 6. c4 g6 7. d4 exd4 8. Nxd4 Bg7 9. Nxc6 bxc6 10. c5 dxc5 11. Nd2 Nf6 12. Nb3 Qe7 13. Qc2 O-O 14. Nxc5 Be8 15. h3 Nh5 16. Be3 Rb8 17. Bb3 a5 18. Rad1 Rb5 19. a4 Rb4 20. f4 Qh4 21. Rf3 Qe7 22. e5 g5 23. Nd3 gxf4 24. Bc5 Qg5 25. Nxb4 axb4 26. a5 Bxe5 27. Bxf8 Kxf8 28. Qc5+ Qe7 29. Qxe7+ Kxe7 30. a6 Bd7 31. a7 1-0

[Event "Velden op"]
[Site "?"]
[Date "1996.??.??"]
[Round "6"]
[White "Murey Jacob"]
[Black "Mahdi Khaled"]
[Result "1-0"]
[WhiteElo "2460"]
[BlackElo "2390"]
[PlyCount "79"]
[EventDate "1996.??.??"]
[Source "www.chesslib.no"]
[SourceDate "2004.05.04"]

1. e4 e5 2. Nf3 Nc6 3. Bb5 a6 4. Ba4 d6 5. O-O Bd7 6. c4 Nge7 7. Nc3 h6 8. h3 Ng6 9. d4 Be7 10. Bxc6 Bxc6 11. Qb3 O-O 12. Rd1 Qc8 13. Be3 Bd7 14. Nd5 Bd8 15. Rac1 c6 16. dxe5 cxd5 17. cxd5 Qb8 18. e6 Be8 19. Nd4 Bf6 20. Nf5 Kh7 21. Bb6 fxe6 22. Bc7 exf5 23. Bxb8 Rxb8 24. exf5 Ne7 25. g4 b5 26. Rc7 Rc8 27. Rxc8 Nxc8 28. Qa3 Rf7 29. Rc1 Nb6 30. Qxa6 Na4 31. Re1 Bd7 32. b3 Nc3 33. Qxd6 Nxa2 34. h4 Bxh4 35. Ra1 Nc3 36. Qg6+ Kg8 37. Ra8+ Rf8 38. Rxf8+ Kxf8 39. Qd6+ Ke8 40. Qe5+ 1-0

[Event "Moscow-D"]
[Site "Moscow"]
[Date "1996.??.??"]
[Round "?"]
[White "Zaitsev, Igor A"]
[Black "Gelman, Alexander"]
[Result "0-1"]
[WhiteElo "2460"]
[BlackElo "2390"]
[PlyCount "148"]
[EventDate "1996.??.??"]
[Source "www.chesslib.no"]
[SourceDate "2004.05.04"]

1. e4 e5 2. Nf3 Nc6 3. Bb5 a6 4. Ba4 d6 5. d4 b5 6. Bb3 Nxd4 7. Nxd4 exd4 8. Bd5 Rb8 9. Bc6+ Bd7 10. Bxd7+ Qxd7 11. Qxd4 Nf6 12. O-O Be7 13. Nc3 O-O 14. Bg5 b4 15. e5 c5 16. Qc4 bxc3 17. exf6 Bxf6 18. Bxf6 cxb2 19. Bxb2 Rxb2 20. Rfd1 Rd8 21. Rd3 Qb5 22. Qh4 Re8 23. h3 Rxc2 24. Rxd6 h6 25. a4 Qb4 26. Qg3 Rc3 27. Qg4 a5 28. Qf5 Rc4 29. Rc6 Qc3 30. Rd1 Qe5 31. Qxe5 Rxe5 32. Rd7 Rf5 33. g4 Rff4 34. Rd2 Rc1+ 35. Kg2 Rxa4 36. Rd5 Rf4 37. Rdxc5 Rxc5 38. Rxc5 a4 39. Rc8+ Kh7 40. Ra8 g5 41. Kg3 Rb4 42. f3 Kg6 43. h4 Kg7 44. h5 Rd4 45. Ra6 Rc4 46. Kf2 Rc2+ 47. Ke3 Ra2 48. f4 gxf4+ 49. Kxf4 a3 50. Kg3 Ra1 51. Kg2 f6 52. Kh2 Kf7 53. Kg2 Ke7 54. Kh2 a2 55. Kg2 Kd7 56. Ra7+ Kd6 57. Kh2 Ke5 58. Ra6 Ke4 59. Kg2 Kd4 60. Ra8 Ke3 61. Ra6 Re1 62. Ra3+ Kf4 63. Rxa2 Kxg4 64. Ra6 Kg5 65. Rb6 Re3 66. Ra6 Re5 67. Kg3 Rf5 68. Ra8 Kxh5 69. Rf8 Kg6 70. Rg8+ Kf7 71. Ra8 Rd5 72. Kf4 h5 73. Rh8 Ra5 74. Kg3 Ra4 0-1

[Event "AUS-ch"]
[Site "Melbourne"]
[Date "1998.01.02"]
[Round "5"]
[White "Rogers, Ian"]
[Black "Kagan, Naum"]
[Result "1-0"]
[WhiteElo "2570"]
[BlackElo "2280"]
[PlyCount "51"]
[EventDate "1997.12.??"]
[Source "www.chesslib.no"]
[SourceDate "2004.05.04"]

1. e4 e5 2. Nf3 Nc6 3. Bb5 a6 4. Ba4 d6 5. O-O Bd7 6. c4 Nf6 7. Re1 Be7 8. Bxc6 Bxc6 9. Nc3 O-O 10. d4 exd4 11. Nxd4 Nd7 12. b3 Bf6 13. Bb2 Re8 14. Nd5 Bxd5 15. cxd5 Nc5 16. Qc2 a5 17. Rad1 Be5 18. Nf5 Qf6 19. Bc1 Qd8 20. f4 Bf6 21. e5 Be7 22. Bb2 Bf8 23. Re3 dxe5 24. fxe5 Ra6 25. e6 f6 26. e7 1-0

[Event "Mexico"]
[Site "Mexico City MEX"]
[Date "1975.??.??"]
[Round "6"]
[White "Fernandez, Juan C"]
[Black "Estevez, Guillermo"]
[Result "1/2-1/2"]
[WhiteElo "2515"]
[BlackElo "2330"]
[PlyCount "24"]
[EventDate "1975.??.??"]
[Source "www.chesslib.no"]
[SourceDate "2004.05.04"]

1. e4 e5 2. Nf3 Nc6 3. Bb5 a6 4. Ba4 d6 5. O-O Bd7 6. c4 Nf6 7. Nc3 Be7 8. d4 Nxd4 9. Nxd4 exd4 10. Bxd7+ Qxd7 11. Qxd4 O-O 12. h3 Rfe8 1/2-1/2

[Event "Budapest FS02 GM"]
[Site "Budapest"]
[Date "1999.02.06"]
[Round "1"]
[White "Vajda, Szidonia"]
[Black "Miroshnichenko, Evgenij"]
[Result "0-1"]
[WhiteElo "2340"]
[BlackElo "2500"]
[PlyCount "76"]
[EventDate "1999.02.??"]
[Source "www.chesslib.no"]
[SourceDate "2004.05.04"]

1. e4 e5 2. Nf3 Nc6 3. Bb5 a6 4. Ba4 d6 5. d4 b5 6. Bb3 Nxd4 7. Nxd4 exd4 8. Bd5 Rb8 9. Bc6+ Bd7 10. Bxd7+ Qxd7 11. Qxd4 Nf6 12. O-O Be7 13. Nc3 O-O 14. a3 Rfe8 15. h3 a5 16. Qd3 c6 17. Bf4 Rbd8 18. Qf3 Qe6 19. Rfe1 Nd7 20. Rad1 Ne5 21. Qg3 Nc4 22. Bc1 a4 23. f4 Bf6 24. Rd3 g6 25. Nd1 Bg7 26. b3 axb3 27. cxb3 Nb6 28. Ree3 Nd7 29. Nf2 Qe7 30. Qf3 Nc5 31. Rd1 Qa7 32. e5 dxe5 33. Rxd8 Rxd8 34. Qxc6 Ne6 35. fxe5 Nd4 36. Qe4 Bh6 37. Qh4 Qc7 38. Kh2 Nf5 0-1

[Event "Reykjavik Open"]
[Site "Reykjavik ISL"]
[Date "1986.??.??"]
[Round "2"]
[White "Schiller, Eric"]
[Black "Hansson, Dan"]
[Result "1-0"]
[WhiteElo "2560"]
[BlackElo "2280"]
[PlyCount "109"]
[EventDate "1986.02.??"]
[Source "www.chesslib.no"]
[SourceDate "2004.05.04"]

1. e4 e5 2. Nf3 Nc6 3. Bb5 a6 4. Ba4 d6 5. Bxc6+ bxc6 6. O-O Ne7 7. d4 f6 8. c3 Ng6 9. Be3 Be7 10. Qe2 Be6 11. Rd1 Qc8 12. Nbd2 a5 13. Nf1 O-O 14. dxe5 fxe5 15. Ng5 Bxg5 16. Bxg5 h6 17. Be3 Kh7 18. b4 axb4 19. cxb4 Ra4 20. a3 Qa8 21. Qc2 Ne7 22. Qc3 Qa6 23. Ng3 Ra8 24. Bc1 c5 25. f4 Bg4 26. Rf1 cxb4 27. Qxc7 Ra7 28. Qd8 exf4 29. Bxf4 Rd7 30. Qe8 bxa3 31. h3 Be6 32. Bxh6 Qb6+ 33. Kh2 Ng6 34. Qxe6 Re7 35. Qd5 Ra5 36. Be3 Rxd5 37. Bxb6 Rb5 38. Bd4 Ra5 39. Rf3 Ra4 40. Bg1 a2 41. Rf2 Rea7 42. Rd2 R7a6 43. Nf5 Ne5 44. Nxd6 Kg6 45. Nb5 Rxe4 46. Raxa2 Rxa2 47. Rxa2 Rb4 48. Nc3 Kf5 49. Ra5 Rc4 50. Ne2 Ke4 51. Ng3+ Kf4 52. Be3+ Kxe3 53. Rxe5+ Kf2 54. Rg5 Rc7 55. Nh5 1-0

[Event "BL2-S 9091"]
[Site "GER"]
[Date "1991.??.??"]
[Round "?"]
[White "Cabrilo, Goran"]
[Black "Mandl, Robert"]
[Result "1-0"]
[WhiteElo "2490"]
[BlackElo "2350"]
[PlyCount "57"]
[EventDate "1990.10.??"]
[Source "www.chesslib.no"]
[SourceDate "2004.05.04"]

1. e4 e5 2. Nf3 Nc6 3. Bb5 a6 4. Ba4 d6 5. d4 b5 6. Bb3 Nxd4 7. Nxd4 exd4 8. c3 Bb7 9. cxd4 Bxe4 10. O-O Be7 11. Nc3 Bb7 12. Qg4 Kf8 13. Re1 Nf6 14. Qf4 Qd7 15. Bd2 Qg4 16. Qxg4 Nxg4 17. Nd5 Bd8 18. Rac1 Rc8 19. Bb4 Nf6 20. Nxc7 Be7 21. Nd5 Rxc1 22. Rxc1 Ne8 23. Nc7 Bd8 24. Bd5 a5 25. Bxb7 axb4 26. Nxb5 Ke7 27. Re1+ Kd7 28. d5 Nc7 29. Bc6+ 1-0

[Event "Bergsjo"]
[Site "Bergsjo"]
[Date "1981.??.??"]
[Round "?"]
[White "Ekstroem, Roland"]
[Black "Westerinen, Heikki M J"]
[Result "1-0"]
[WhiteElo "2405"]
[BlackElo "2420"]
[PlyCount "99"]
[EventDate "1981.??.??"]
[Source "www.chesslib.no"]
[SourceDate "2004.05.04"]

1. e4 e5 2. Nf3 Nc6 3. Bb5 a6 4. Ba4 d6 5. O-O Bd7 6. c4 g6 7. d4 Bg7 8. Bg5 Nge7 9. Nc3 h6 10. Be3 O-O 11. dxe5 dxe5 12. Bc5 Re8 13. Nd5 Nxd5 14. cxd5 Ne7 15. Rc1 Nc8 16. Nd2 Nd6 17. Bxd6 cxd6 18. Bxd7 Qxd7 19. Nc4 Rad8 20. Nb6 Qe7 21. Rc4 Rb8 22. Qc2 Qd8 23. Rc7 h5 24. a4 Bh6 25. a5 Re7 26. Rxe7 Qxe7 27. Rd1 Qe8 28. Qc7 Qd8 29. Qxd8+ Rxd8 30. Rd3 Bc1 31. Rb3 Kf8 32. Kf1 Ke8 33. Nc4 Rd7 34. Rxb7 Rxb7 35. Nxd6+ Ke7 36. Nxb7 Bxb2 37. Nc5 Bc3 38. Ke2 Bxa5 39. Nxa6 Kd6 40. Kd3 Bb6 41. f3 Bg1 42. h3 Bf2 43. Kc4 Be3 44. Kb5 Bf2 45. Nb4 Be3 46. Nc6 Bf2 47. Ka6 Bh4 48. Kb7 Bg5 49. Kc8 f5 50. Nd8 1-0

[Event "Tch (Men) 2005/2006 NED"]
[Site "?"]
[Date "2005.11.05"]
[Round "3"]
[White "Feygin Michail"]
[Black "Van Beek Lucien"]
[Result "1/2-1/2"]
[WhiteElo "2484"]
[BlackElo "2332"]
[PlyCount "157"]
[EventDate "2005.??.??"]
[Source "www.chesslib.no"]
[SourceDate "2004.05.04"]

1. e4 e5 2. Nf3 Nc6 3. Bb5 a6 4. Ba4 d6 5. d4 b5 6. Bb3 Nxd4 7. Nxd4 exd4 8. Bd5 Rb8 9. Qxd4 Nf6 10. a4 Be7 11. O-O O-O 12. axb5 axb5 13. Nc3 b4 14. Nd1 Nxd5 15. exd5 Bf6 16. Qc4 Re8 17. Ne3 Bd7 18. Re1 Qc8 19. Ra7 c5 20. dxc6 Qxc6 21. Qxc6 Bxc6 22. Ra6 Rbc8 23. Bd2 Bxb2 24. Bxb4 Be5 25. Rd1 Be4 26. c4 Bf4 27. Rd4 Bxe3 28. fxe3 Rb8 29. Raxd6 Rxb4 30. Rxe4 Ra8 31. Kf2 g6 32. Rd2 Rc8 33. Rc2 Rc5 34. Ke2 Rb3 35. Rd4 Kf8 36. Rd3 Rb4 37. Rd4 Rb3 38. Rd5 Rc6 39. c5 Ke7 40. h3 Rb1 41. Kf3 h5 42. Ke2 Ke6 43. Rcd2 Rc1 44. Rd6+ Rxd6 45. Rxd6+ Ke7 46. Rc6 Kd7 47. Rd6+ Ke7 48. Rd5 Ke6 49. Rg5 f6 50. Rxg6 Rxc5 51. Rg7 Rc4 52. Kf3 Kf5 53. e4+ Ke6 54. Rh7 Rc5 55. Kf4 Ra5 56. Rb7 Rc5 57. g3 Ra5 58. Rc7 Rb5 59. Ra7 Rc5 60. Rh7 Ra5 61. Rb7 Rc5 62. h4 Re5 63. Rb8 Ke7 64. Rg8 Ra5 65. Rb8 Kf7 66. Rd8 Kg6 67. Rd6 Rb5 68. Ra6 Kf7 69. Ra3 Kg6 70. g4 hxg4 71. Kxg4 Rb1 72. h5+ Kh6 73. Rf3 Kg7 74. Kf4 Rh1 75. Rg3+ Kf7 76. Kg4 Re1 77. Kf4 Rh1 78. Kg4 Re1 79. Kf4 1/2-1/2

[Event "Camp. bosniaco 2007"]
[Site "Sarajevo BOS"]
[Date "2007.12.21"]
[Round "4"]
[White "Nurkic, Sahbaz"]
[Black "Dumpor, Atif"]
[Result "1/2-1/2"]
[WhiteElo "2415"]
[BlackElo "2399"]
[PlyCount "36"]
[EventDate "2007.12.18"]
[Source "www.chesslib.no"]
[SourceDate "2004.05.04"]

1. e4 e5 2. Nf3 Nc6 3. Bb5 a6 4. Ba4 d6 5. d4 Bd7 6. O-O Nge7 7. Bb3 h6 8. h3 Ng6 9. Be3 Na5 10. Nc3 Nxb3 11. axb3 Be7 12. Nd5 O-O 13. dxe5 dxe5 14. Qd3 Re8 15. Rfd1 Bc6 16. Qc3 Bd6 17. Bc5 Re6 18. Be3 Nh4 1/2-1/2

[Event "Ch Slovakia"]
[Site "Banska Stiavnica (Slovakia)"]
[Date "2007.07.08"]
[Round "2"]
[White "Pinter Erik (SVK)"]
[Black "Plachetka Jan (SVK)"]
[Result "1/2-1/2"]
[WhiteElo "2402"]
[BlackElo "2412"]
[PlyCount "26"]
[EventDate "2007.??.??"]
[Source "www.chesslib.no"]
[SourceDate "2004.05.04"]

1. e4 e5 2. Nf3 Nc6 3. Bb5 a6 4. Ba4 d6 5. d4 b5 6. Bb3 Nxd4 7. Nxd4 exd4 8. c3 Nf6 9. Qxd4 Bb7 10. Nd2 c5 11. Qe3 Be7 12. O-O O-O 13. Bc2 Re8 1/2-1/2

[Event "Buenos Aires"]
[Site "Buenos Aires ARG"]
[Date "1981.??.??"]
[Round "?"]
[White "Szmetan, Jorge"]
[Black "Rubinetti, Jorge A"]
[Result "0-1"]
[WhiteElo "2405"]
[BlackElo "2405"]
[PlyCount "88"]
[EventDate "1981.??.??"]
[Source "www.chesslib.no"]
[SourceDate "2004.05.04"]

1. e4 e5 2. Nf3 Nc6 3. Bb5 a6 4. Ba4 d6 5. d4 b5 6. Bb3 Nxd4 7. Nxd4 exd4 8. c3 Bb7 9. cxd4 Nf6 10. O-O Be7 11. Nc3 O-O 12. e5 Nd7 13. Qe2 c5 14. dxc5 dxe5 15. Rd1 Bxc5 16. Be3 Bxe3 17. Qxe3 Qe7 18. Bd5 Rfb8 19. Ne4 Bxd5 20. Rxd5 Nb6 21. Rd3 Nc4 22. Qg3 Rd8 23. Rad1 Nxb2 24. Rd7 Rxd7 25. Rxd7 Rd8 26. Rxd8+ Qxd8 27. h3 Nc4 28. Qg4 g6 29. Qf3 Kg7 30. g3 Qe7 31. h4 f5 32. Nc3 e4 33. Qf4 Qe5 34. Qg5 h6 35. Qc1 e3 36. Qc2 exf2+ 37. Kxf2 Qe3+ 38. Kg2 Qd2+ 39. Qxd2 Nxd2 40. Nd5 Ne4 41. Nc7 Nc5 42. Kf2 Kf6 43. Nd5+ Ke5 44. Ne7 g5 0-1

[Event "Balatonbereny Open"]
[Site "Balatonbereny HUN"]
[Date "1994.??.??"]
[Round "9"]
[White "Biro, Sandor"]
[Black "Yandemirov, Valeri"]
[Result "0-1"]
[WhiteElo "2300"]
[BlackElo "2510"]
[PlyCount "78"]
[EventDate "1994.09.??"]
[Source "www.chesslib.no"]
[SourceDate "2004.05.04"]

1. e4 e5 2. Nf3 Nc6 3. Bb5 a6 4. Ba4 d6 5. d4 b5 6. Bb3 Nxd4 7. Nxd4 exd4 8. Bd5 Rb8 9. Bc6+ Bd7 10. Bxd7+ Qxd7 11. Qxd4 Nf6 12. Nc3 Be7 13. O-O O-O 14. h3 b4 15. Ne2 Qc6 16. Ng3 Qxc2 17. Bg5 c5 18. Qe3 Qxb2 19. Nf5 Rfe8 20. Rfe1 Bf8 21. Rab1 Qe5 22. Bxf6 Qxf6 23. Qd3 Qe6 24. Rbd1 c4 25. Qg3 c3 26. Rxd6 Qxf5 27. exf5 Rxe1+ 28. Kh2 Bxd6 29. Qxd6 Ree8 30. f6 g6 31. g4 Rbc8 32. Qf4 Kh8 33. Qh6 Rg8 34. Qc1 c2 35. h4 a5 36. f4 Rge8 37. f5 Re2+ 38. Kg3 Rc3+ 39. Kf4 Re1 0-1

[Event "Dos Hermanas"]
[Site "?"]
[Date "2004.03.26"]
[Round "2.6"]
[White "Palac Mladen"]
[Black "Castillo Gallego Sergio"]
[Result "1-0"]
[WhiteElo "2566"]
[BlackElo "2233"]
[PlyCount "75"]
[EventDate "2004.??.??"]
[Source "www.chesslib.no"]
[SourceDate "2004.05.04"]

1. e4 e5 2. Nf3 Nc6 3. Bb5 a6 4. Ba4 d6 5. O-O Bd7 6. c4 Nf6 7. Nc3 Bg4 8. h3 Bxf3 9. Qxf3 Be7 10. d3 O-O 11. Be3 Nd7 12. Qg3 Kh8 13. f4 Bh4 14. Qg4 exf4 15. Qxf4 Bf6 16. Rad1 Nd4 17. Qf2 c5 18. Bxd7 Qxd7 19. Nd5 Be5 20. Nb6 Qe6 21. Nxa8 Rxa8 22. b4 Rd8 23. Rb1 Qe7 24. Kh1 Rd7 25. Bxd4 Bxd4 26. Qd2 Be5 27. b5 axb5 28. Rxb5 Qh4 29. Qf2 Qe7 30. Rfb1 g6 31. g3 Kg7 32. Kg2 h5 33. Qf3 Rc7 34. Kf1 Qd7 35. g4 hxg4 36. Qxg4 Qe7 37. Ke2 Bd4 38. Qf3 1-0

[Event "Pardubice Open"]
[Site "Pardubice CZE"]
[Date "1994.??.??"]
[Round "4"]
[White "Shtyrenkov, Veniamen"]
[Black "Jurasek, Miroslav"]
[Result "1-0"]
[WhiteElo "2445"]
[BlackElo "2350"]
[PlyCount "105"]
[EventDate "1994.07.??"]
[Source "www.chesslib.no"]
[SourceDate "2004.05.04"]

1. e4 e5 2. Nf3 Nc6 3. Bb5 a6 4. Ba4 d6 5. O-O Bd7 6. c4 g6 7. d4 Bg7 8. Be3 exd4 9. Nxd4 Nge7 10. Nc3 O-O 11. Bxc6 Nxc6 12. Nxc6 Bxc6 13. Bd4 Qe7 14. Bxg7 Kxg7 15. Qd2 Rfe8 16. Rae1 f6 17. Re3 Qf7 18. Qd4 b6 19. f4 Re7 20. Rfe1 Rae8 21. R1e2 Kg8 22. Nd5 Bxd5 23. cxd5 a5 24. Kf2 Qg7 25. Ke1 Qf7 26. b3 Qg7 27. Kd2 Qh6 28. Qxf6 Rf7 29. Qg5 Qxh2 30. g3 Qg1 31. Qg4 Qb1 32. a4 Rfe7 33. Qf3 Qa1 34. Rc3 Qb1 35. Qd3 Qh1 36. Rc1 Qh3 37. Rce1 Qg4 38. Kc2 Qh5 39. Qd4 Qg4 40. Re3 Rf7 41. Kc3 Rfe7 42. e5 dxe5 43. fxe5 Qxd4+ 44. Kxd4 Rd8 45. Ke4 Rde8 46. e6 h5 47. Rc1 Rb8 48. Rec3 Rb7 49. Ke5 Kg7 50. Rf1 b5 51. Rcf3 bxa4 52. bxa4 Rb2 53. Rf7+ 1-0

[Event "Marshall CC"]
[Site "New York, NY USA"]
[Date "1977.??.??"]
[Round "?"]
[White "Diesen, Mark C"]
[Black "Biyiasas, Peter"]
[Result "1/2-1/2"]
[WhiteElo "2360"]
[BlackElo "2435"]
[PlyCount "80"]
[EventDate "1977.01.??"]
[Source "www.chesslib.no"]
[SourceDate "2004.05.04"]

1. e4 e5 2. Nf3 Nc6 3. Bb5 a6 4. Ba4 d6 5. O-O Bd7 6. c4 g6 7. d4 Bg7 8. d5 Nb8 9. Nc3 Kf8 10. Bc2 Bh6 11. Bxh6+ Nxh6 12. Qd2 Kg7 13. Ne1 Qe7 14. f4 f6 15. b4 Rc8 16. Nd3 a5 17. a3 Nf7 18. c5 exf4 19. Qxf4 Ne5 20. Nxe5 fxe5 21. Qe3 Na6 22. Rab1 axb4 23. axb4 dxc5 24. d6 cxd6 25. bxc5 Rxc5 26. Nd5 Rxd5 27. exd5 Nc5 28. Rb4 Ra2 29. Bb1 Ra1 30. Rb6 Ra4 31. Re1 Ra8 32. Rf1 Ra4 33. Re1 Ra8 34. Rf1 Ra6 35. Rb4 Ra5 36. Rbf4 Bb5 37. Rf7+ Qxf7 38. Rxf7+ Kxf7 39. Qh6 Ra1 40. Qxh7+ Kf8 1/2-1/2